Výberové zisťovanie

Guardado en:
Detalles Bibliográficos
Autor principal: Vokounová, Dana, 1962-
Autor Corporativo: Ekonomická univerzita v Bratislave. Obchodná fakulta
Formato: Libro
Lenguaje:eslovaco
Publicado: Bratislava [2012]
Materias:
Etiquetas: Agregar Etiqueta
Sin Etiquetas, Sea el primero en etiquetar este registro!

MARC

LEADER 00000nam a2200000 4500
001 0162036
005 20240502072816.6
041 0 |a slo 
044 |a SK 
245 1 0 |a Výberové zisťovanie  |c Dana Vokounová 
264 1 |a Bratislava  |c [2012] 
300 |a [12 s.] 
610 2 0 |a marketing 
610 2 0 |a prieskum 
610 2 0 |a získavanie informácií 
100 1 |a Vokounová, Dana, 1962- 
710 2 |a Ekonomická univerzita v Bratislave. Obchodná fakulta